The engraving art of Czeslaw Slania (Record no. 2199)

000 -LEADER
fixed length control field 00421nam a22000977a 4500
008 - FIXED-LENGTH DATA ELEMENTS--GENERAL INFORMATION
fixed length control field 170116b xxu||||| |||| 00| 0 eng d
100 ## - MAIN ENTRY--AUTHOR'S NAME
Author's Name Short, Harold Ashby
245 ## - TITLE STATEMENT
Title The engraving art of Czeslaw Slania
260 ## - PUBLICATION, DISTRIBUTION, ETC. (IMPRINT)
Place of publication, distribution, etc. Milwaukee, Wisc.
Name of publisher, distributor, etc. Czeslaw Slania Study Group
Date of publication, distribution, etc. 2008
650 ## - TOPICAL TERM (Tag)
Topical term or geographic name Slania, Czeslaw, 1921-2005. | Poland | Sweden | Engravers | Artists and Designers | Production | Engraving | Designs | Catalogs and Price Lists
Holdings
Withdrawn status Lost status Source of classification or shelving scheme Damaged status Koha normalized classification for sorting Not for loan Collection code Permanent Location Current Location Date acquired Total Checkouts Full call number Barcode Date last seen Copy number Price effective from
        G3201 E58 S559     Northern Philatelic Library Northern Philatelic Library 01/16/2017   G3201 E58 S559 1002571 09/18/2025 1 01/16/2017

Powered by Koha